[Event "Staatsliga B - Mitte 2002/03"]
[Site "?"]
[Date "2002.11.30"]
[Round "4.1"]
[White "JANZ, Frerik"]
[Black "BUHMANN, Rainer"]
[Result "1/2-1/2"]
[WhiteElo "2366"]
[BlackElo "2527"]
[PlyCount "136"]
[EventDate "2002.11.30"]

1. c4 e6 2. Nc3 b6 3. e3 Bb7 4. b3 f5 5. Bb2 Nf6 6. Nf3 Bd6 7. Be2 a6 8. d3 O-O
9. Qc2 Nc6 10. h3 e5 11. a3 Qe7 12. Nd2 Rae8 13. Bf3 Kh8 14. Nd5 Nxd5 15. Bxd5
f4 16. Nf3 fxe3 17. fxe3 Nd8 18. Bxb7 Nxb7 19. e4 Bc5 20. b4 Be3 21. Qe2 Bf4
22. O-O Nd8 23. Bc3 Nf7 24. a4 Ng5 25. a5 b5 26. cxb5 axb5 27. a6 Ne6 28. Nxe5
Bxe5 29. Bxe5 Qxb4 30. Qb2 Qxb2 31. Bxb2 Kg8 32. a7 Rxf1+ 33. Kxf1 Ra8 34. d4
Kf7 35. Ke2 c6 36. Ke3 d5 37. exd5 cxd5 38. Ra5 Nc7 39. Bc3 Ke6 40. Bb4 Kd7 41.
Bc5 Kc6 42. Kd3 Kb7 43. Bd6 Kc6 44. Bxc7 Kxc7 45. Rxb5 Rxa7 46. Rxd5 Ra3+ 47.
Ke4 Rg3 48. Rc5+ Kd6 49. Rc2 h5 50. Ra2 h4 51. Rf2 g5 52. Kf5 Kc6 53. Ra2 Kd6
54. Rc2 Kd5 55. Rd2 Kc6 56. Ke6 Re3+ 57. Kf6 Rg3 58. d5+ Kd7 59. Ke5 g4 60.
hxg4 Rxg4 61. Ra2 Rg5+ 62. Kd4 Rg3 63. Kc5 Rc3+ 64. Kd4 Rg3 65. Ra7+ Kd6 66.
Ra6+ Kd7 67. Rh6 Rxg2 68. Rxh4 Rd2+ 1/2-1/2

[Event "Staatsliga B - Mitte 2002/03"]
[Site "?"]
[Date "2002.11.30"]
[Round "4.1"]
[White "SCHLINDWEIN, Rolf"]
[Black "MENACHER, Manfred"]
[Result "0-1"]
[WhiteElo "2426"]
[BlackElo "2354"]
[PlyCount "90"]
[EventDate "2002.11.30"]

1. d4 d5 2. Bf4 Nf6 3. e3 c5 4. c3 Nc6 5. Qb3 Qb6 6. Nd2 Qxb3 7. axb3 e6 8. h3
Bd7 9. Ngf3 Rc8 10. dxc5 Bxc5 11. b4 Bb6 12. b5 Ne7 13. Bd6 Nf5 14. Bb4 h5 15.
Bd3 Kd8 16. Ng5 Be8 17. c4 Rc7 18. b3 h4 19. Ke2 Rh5 20. Ngf3 Nd7 21. Bxf5 exf5
22. Bd6 Rc8 23. Rhc1 Nf6 24. Nd4 Nd7 25. N2f3 dxc4 26. bxc4 Nc5 27. Ne5 Ne4 28.
Bb4 f4 29. Ne6+ fxe6 30. Rd1+ Kc7 31. f3 Bc5 32. Ba5+ b6 33. fxe4 Rxe5 34. Bc3
Rxe4 35. Rxa7+ Kb8 36. Rda1 Rxe3+ 37. Kd2 e5 38. Kc2 Rxc3+ 39. Kxc3 Bd4+ 40.
Kb3 Bxa1 41. Rxa1 Rd8 42. Re1 Rd3+ 43. Kb4 Re3 44. Rd1 Kc7 45. Ra1 Kb7 0-1

[Event "Staatsliga B - Mitte 2002/03"]
[Site "?"]
[Date "2002.11.30"]
[Round "4.1"]
[White "NEMETH, Zoltan"]
[Black "RESCHUN, Sascha"]
[Result "1/2-1/2"]
[WhiteElo "2341"]
[BlackElo "2280"]
[PlyCount "60"]
[EventDate "2002.11.30"]

1. Nf3 Nf6 2. g3 g6 3. Bg2 Bg7 4. c4 c5 5. d4 cxd4 6. Nxd4 O-O 7. Nc3 Nc6 8. h3
Qa5 9. e3 Ne5 10. Nb3 Qb4 11. c5 Ne8 12. O-O Qc4 13. Re1 Qe6 14. Nd5 d6 15. f4
Nc6 16. Nd4 Qd7 17. cxd6 Nxd6 18. Nxc6 bxc6 19. Nb4 Bb7 20. Qa4 Rfd8 21. Nd3
Qf5 22. e4 Nxe4 23. Qxe4 Rxd3 24. Qxf5 gxf5 25. Rxe7 Rd1+ 26. Kh2 Ba6 27. Bf3
Rf1 28. Bg2 Rd1 29. Bf3 Rf1 30. Bg2 Rd1 1/2-1/2

[Event "Staatsliga B - Mitte 2002/03"]
[Site "?"]
[Date "2002.11.30"]
[Round "4.1"]
[White "RAGGER, Markus"]
[Black "KRANZL, Peter"]
[Result "1/2-1/2"]
[WhiteElo "2211"]
[BlackElo "2247"]
[PlyCount "91"]
[EventDate "2002.11.30"]

1. e4 c6 2. d4 d5 3. e5 Bf5 4. Be3 e6 5. Nd2 Nd7 6. c3 h6 7. Ngf3 Ne7 8. h3 a6
9. b4 Bh7 10. Nb3 b6 11. Be2 Nf5 12. O-O Be7 13. Bd2 O-O 14. c4 Rb8 15. c5 b5
16. Na5 Qc7 17. g4 Nh4 18. Nxh4 Bxh4 19. f4 f6 20. Be1 Bxe1 21. Qxe1 fxe5 22.
fxe5 Rfc8 23. Qc3 Nf8 24. Qg3 Qe7 25. h4 Rc7 26. Kh2 Be4 27. Rf2 Ng6 28. Kh3
Rf8 29. Raf1 Rcc8 30. Rxf8+ Nxf8 31. Bd3 Bxd3 32. Qxd3 Rc7 33. Qe3 Nh7 34. Kg3
Qe8 35. Rf3 Qg6 36. Qd3 Qe8 37. Qe2 Nf8 38. Qf2 Nh7 39. Qf1 Qg6 40. Qd3 Qe8 41.
Rf2 Nf8 42. Kh3 Ng6 43. Qg3 Nf8 44. g5 h5 45. Rf3 Ng6 46. Qf2 1/2-1/2

[Event "Staatsliga B - Mitte 2002/03"]
[Site "?"]
[Date "2002.11.30"]
[Round "4.1"]
[White "HAGER, Herbert"]
[Black "KASPRET, Guido"]
[Result "0-1"]
[WhiteElo "2142"]
[BlackElo "2278"]
[PlyCount "103"]
[EventDate "2002.11.30"]

1. d4 Nf6 2. c4 g6 3. Nc3 Bg7 4. e4 O-O 5. Bd3 d6 6. Nge2 e5 7. d5 Nbd7 8. f3
Nc5 9. Bc2 a5 10. Bg5 h6 11. Be3 Ne8 12. Qd2 f5 13. O-O-O f4 14. Bf2 g5 15. Kb1
Bd7 16. Nc1 Nf6 17. Bxc5 dxc5 18. Ba4 Ne8 19. Nd3 Bxa4 20. Nxa4 b6 21. b3 Nd6
22. Ndb2 Qd7 23. Qe2 Rf6 24. Nc3 Rg6 25. h3 h5 26. Nd3 Bf6 27. Nf2 Kh7 28. a4
Be7 29. Qb2 Nf7 30. Nb5 Bd6 31. Qe2 Nh6 32. Rd3 Kg7 33. Rh2 Rg8 34. Na7 Kf8 35.
Nc6 Qg7 36. Nd8 Ke7 37. Nc6+ Kd7 38. Rd1 g4 39. hxg4 hxg4 40. Nd3 gxf3 41. gxf3
Nf7 42. Qf2 Rg3 43. Rdh1 Kc8 44. Kc2 Ng5 45. Ne1 Kb7 46. Qe2 Nf7 47. Qf2 Qg6
48. Qe2 Ng5 49. Rh6 Qg7 50. R6h2 Nf7 51. Rh7 Qg6 52. R1h3 {
Rest unleserlich..72 Zuege} 0-1

[Event "Staatsliga B - Mitte 2002/03"]
[Site "?"]
[Date "2002.11.30"]
[Round "4.2"]
[White "HORVATH, Jozsef"]
[Black "FTACNIK, Lubomir"]
[Result "1/2-1/2"]
[WhiteElo "2514"]
[BlackElo "2603"]
[PlyCount "62"]
[EventDate "2002.11.30"]

1. Nf3 Nf6 2. g3 g6 3. b3 Bg7 4. Bb2 O-O 5. Bg2 c5 6. c4 d6 7. d4 Ne4 8. O-O
Nc6 9. e3 f5 10. Nc3 e6 11. Qc2 Nxc3 12. Bxc3 e5 13. d5 Nb4 14. Qd2 e4 15. Ne1
Bxc3 16. Qxc3 Qf6 17. Qxf6 Rxf6 18. a3 Na6 19. f3 exf3 20. Nxf3 Bd7 21. e4 Re8
22. Rae1 Rxe4 23. Rxe4 fxe4 24. Ng5 Rxf1+ 25. Kxf1 Nc7 26. Nxe4 Ne8 27. Ke2 a5
28. Kd2 Kg7 29. Bf3 Bf5 30. Nf2 h5 31. h3 Bd7 1/2-1/2

[Event "Staatsliga B - Mitte 2002/03"]
[Site "?"]
[Date "2002.11.30"]
[Round "4.2"]
[White "GYIMESI, Zoltan"]
[Black "PILAJ, Herwig"]
[Result "1/2-1/2"]
[WhiteElo "2596"]
[BlackElo "2360"]
[PlyCount "48"]
[EventDate "2002.11.30"]

1. d4 d5 2. c4 c6 3. Nf3 Nf6 4. Nc3 dxc4 5. a4 e6 6. e4 Bb4 7. Bg5 c5 8. Bxc4
cxd4 9. Nxd4 h6 10. Bb5+ Nbd7 11. Bxf6 Qxf6 12. O-O O-O 13. Nce2 Rd8 14. Qb3
Bd6 15. Bxd7 Bxd7 16. Qxb7 Rab8 17. Qxa7 Qe5 18. Nf3 Qxe4 19. Ng3 Qb4 20. Qe3
Bxa4 21. Ne4 Bc6 22. Nxd6 Qxd6 23. Ne5 Qd5 24. Nxc6 Qxc6 1/2-1/2

[Event "Staatsliga B - Mitte 2002/03"]
[Site "?"]
[Date "2002.11.30"]
[Round "4.2"]
[White "TITZ, Heimo"]
[Black "FARAGO, Ivan"]
[Result "0-1"]
[WhiteElo "2325"]
[BlackElo "2474"]
[PlyCount "100"]
[EventDate "2002.11.30"]

1. c4 Nf6 2. d4 e6 3. Nc3 Bb4 4. Qc2 O-O 5. a3 Bxc3+ 6. Qxc3 b6 7. Bg5 Bb7 8.
e3 d6 9. f3 Nbd7 10. Nh3 h6 11. Bh4 Rc8 12. Rc1 c5 13. dxc5 Rxc5 14. b4 Rc7 15.
Qd2 Qc8 16. Qxd6 Bd5 17. Bxf6 Nxf6 18. Qf4 e5 19. Qxe5 Bxc4 20. Kf2 Re8 21. Qb2
b5 22. Bxc4 bxc4 23. Rhd1 c3 24. Qc2 Qe6 25. e4 Qb6+ 26. Ke1 a5 27. Qf2 Qb5 28.
Qe2 Qa4 29. Rc2 Qxa3 30. bxa5 Qxa5 31. Kf2 Qb6+ 32. Qe3 Qb3 33. Qc1 Ra8 34. Qb1
Qc4 35. Qc1 Ra2 36. Nf4 Qb3 37. Rxa2 Qxa2+ 38. Ne2 c2 39. Rd2 Qb1 40. Ke1 Nd7
41. Kf2 Nc5 42. Rd8+ Kh7 43. Qf4 Ne6 44. Qf5+ g6 45. Qa5 c1=Q 46. Nxc1 Rxc1 47.
Rd7 Qb2+ 48. Kg3 Qb8+ 49. e5 Rc5 50. Qa1 Rxe5 0-1

[Event "Staatsliga B - Mitte 2002/03"]
[Site "?"]
[Date "2002.11.30"]
[Round "4.2"]
[White "STANEC, Nikolaus"]
[Black "PETSCHAR, Kurt"]
[Result "1-0"]
[WhiteElo "2523"]
[BlackElo "2291"]
[PlyCount "51"]
[EventDate "2002.11.30"]

1. c4 e5 2. g3 Nc6 3. Bg2 f5 4. Nc3 Nf6 5. e3 d5 6. Nxd5 Nxd5 7. cxd5 Nb4 8. d3
Nxd5 9. Nf3 Bd6 10. O-O c6 11. e4 fxe4 12. Nxe5 Nf6 13. Nc4 exd3 14. Nxd6+ Qxd6
15. Bf4 Qd8 16. Re1+ Kf7 17. Qb3+ Kg6 18. Re5 h6 19. Rd1 Re8 20. Rxd3 Rxe5 21.
Bxe5 Qe7 22. Bxf6 Qe1+ 23. Bf1 Kxf6 24. Rf3+ Kg6 25. Qd3+ Kh5 26. Rf5+ 1-0

[Event "Staatsliga B - Mitte 2002/03"]
[Site "?"]
[Date "2002.11.30"]
[Round "4.2"]
[White "GENSER, Harald"]
[Black "WEISS, Christian"]
[Result "1/2-1/2"]
[WhiteElo "2268"]
[BlackElo "2422"]
[PlyCount "96"]
[EventDate "2002.11.30"]

1. e4 c5 2. Nf3 e6 3. d3 d5 4. Nbd2 Nf6 5. g3 Nc6 6. Bg2 Be7 7. O-O b6 8. Re1
Bb7 9. a3 h6 10. e5 Nd7 11. c4 Qc7 12. Qe2 dxc4 13. dxc4 g5 14. h3 O-O-O 15.
Nf1 Nf8 16. Bd2 Ng6 17. b4 Rd7 18. b5 Nd4 19. Nxd4 cxd4 20. Bxb7+ Kxb7 21. Bb4
Rc8 22. Nd2 Kb8 23. Rab1 Bc5 24. Rb3 d3 25. Rxd3 Rxd3 26. Qxd3 Nxe5 27. Qe2
Bxb4 28. axb4 Nxc4 29. Nxc4 Qxc4 30. Qe5+ Qc7 31. Qe2 Rd8 32. Rd1 Rd6 33. Rxd6
Qxd6 34. Qh5 Qf8 35. Qd1 Qe7 36. Qd4 e5 37. Qd5 h5 38. h4 gxh4 39. gxh4 Qf6 40.
Kf1 Kc7 41. Qa8 Qe6 42. Qxa7+ Kd8 43. Qb8+ Ke7 44. Qc7+ Kf6 45. Qd8+ Kg7 46.
Qg5+ Kf8 47. Qd8+ Kg7 48. Qg5+ Kf8 1/2-1/2

[Event "Staatsliga B - Mitte 2002/03"]
[Site "?"]
[Date "2002.11.30"]
[Round "4.2"]
[White "KNOLL, Hermann"]
[Black "NICKL, Klaus"]
[Result "1-0"]
[WhiteElo "2365"]
[BlackElo "2203"]
[PlyCount "89"]
[EventDate "2002.11.30"]

1. d4 Nf6 2. Nf3 g6 3. c4 Bg7 4. Nc3 O-O 5. e4 d6 6. Be2 e5 7. d5 a5 8. Bg5 h6
9. Bh4 Na6 10. Nd2 Qe8 11. a3 Bd7 12. b3 Nh7 13. O-O h5 14. f3 Bh6 15. Rb1 Be3+
16. Kh1 f5 17. exf5 Bxf5 18. Nde4 Nc5 19. b4 axb4 20. axb4 Na4 21. Nb5 Qd7 22.
Qb3 Bh6 23. Ra1 Bxe4 24. fxe4 Rxf1+ 25. Rxf1 Kg7 26. Bf2 Nf6 27. Bf3 g5 28. Be3
Nb6 29. h4 g4 30. Bxh6+ Kxh6 31. Qe3+ Kh7 32. Be2 Rf8 33. Rf5 c6 34. dxc6 bxc6
35. Nc3 Qc7 36. Rf1 Qb7 37. Qg5 Nbd7 38. b5 Rg8 39. Qf5+ Kh6 40. bxc6 Qxc6 41.
Nd5 Nxd5 42. exd5 Qc7 43. Bd3 Nf8 44. Qf6+ Ng6 45. Qg5+ 1-0

[Event "Staatsliga B - Mitte 2002/03"]
[Site "?"]
[Date "2002.11.30"]
[Round "4.3"]
[White "GABRIEL, Christian"]
[Black "WITTMANN, Walter"]
[Result "1/2-1/2"]
[WhiteElo "2562"]
[BlackElo "2345"]
[PlyCount "121"]
[EventDate "2002.11.30"]

1. d4 Nf6 2. c4 g6 3. Nc3 Bg7 4. e4 d6 5. f4 O-O 6. Nf3 Bg4 7. Be2 Nfd7 8. Be3
Bxf3 9. Bxf3 Nc6 10. e5 Na5 11. c5 Nc4 12. Bf2 dxc5 13. dxc5 Nxb2 14. Qe2 Nxe5
15. fxe5 Nd3+ 16. Kf1 Nxf2 17. Kxf2 Qd4+ 18. Qe3 Bxe5 19. Rac1 Rad8 20. Qxd4
Bxd4+ 21. Ke2 c6 22. Ne4 Rd7 23. Rhd1 Rfd8 24. Nd6 exd6 25. Rxd4 dxc5 26. Rxd7
Rxd7 27. Rxc5 Kf8 28. Rc3 Ke7 29. Rd3 Rxd3 30. Kxd3 Kd6 31. Bd1 Ke5 32. Bb3 f5
33. Bg8 h6 34. Bf7 g5 35. Be8 Kd5 36. Bd7 f4 37. Bg4 b5 38. Bf3+ Kd6 39. h3 c5
40. Bh5 Ke5 41. Be8 a6 42. Bc6 Kd6 43. Be8 Ke5 44. Bc6 Kd6 45. Bf3 a5 46. Bh5
Kd7 47. Ke4 Kc6 48. Be8+ Kb6 49. Kd5 a4 50. Bf7 a3 51. Kd6 c4 52. Kd5 c3 53.
Bg6 h5 54. Bc2 g4 55. hxg4 hxg4 56. Kd4 b4 57. Ke4 Kc5 58. Bb3 f3 59. gxf3 gxf3
60. Kxf3 Kd4 61. Ke2 1/2-1/2

[Event "Staatsliga B - Mitte 2002/03"]
[Site "?"]
[Date "2002.11.30"]
[Round "4.3"]
[White "WATZKA, Horst"]
[Black "ZAJA, Ivan"]
[Result "1/2-1/2"]
[WhiteElo "2348"]
[BlackElo "2433"]
[PlyCount "33"]
[EventDate "2002.11.30"]

1. e4 e5 2. Nf3 Nc6 3. Bb5 g6 4. Nc3 Bg7 5. d3 d6 6. Bg5 f6 7. Be3 a6 8. Ba4
Nh6 9. h3 Nf7 10. d4 O-O 11. Bb3 Kh8 12. dxe5 fxe5 13. Qd2 Bd7 14. h4 h5 15.
Ng5 Nxg5 16. hxg5 Nd4 17. O-O-O 1/2-1/2

[Event "Staatsliga B - Mitte 2002/03"]
[Site "?"]
[Date "2002.11.30"]
[Round "4.3"]
[White "BUKAL, Vladimir Jun"]
[Black "SINGER, Richard"]
[Result "1-0"]
[WhiteElo "2409"]
[BlackElo "2281"]
[PlyCount "67"]
[EventDate "2002.11.30"]

1. d4 Nf6 2. c4 e6 3. Nf3 b6 4. g3 Ba6 5. Nbd2 Bb4 6. a3 Bxd2+ 7. Nxd2 Bb7 8.
Nf3 O-O 9. Bg2 Qc8 10. Bf4 d6 11. O-O Nbd7 12. Rc1 Be4 13. Rc3 Qb7 14. Bh3 Bf5
15. Bxf5 exf5 16. d5 b5 17. Rb3 a6 18. Nh4 Nb6 19. cxb5 axb5 20. Rxb5 Nfxd5 21.
Nxf5 Nxf4 22. gxf4 Rae8 23. Qd4 f6 24. Nxd6 cxd6 25. Rxb6 Qf7 26. e3 Qg6+ 27.
Kh1 Qh5 28. Qd1 Qf5 29. Qf3 Kh8 30. Rd1 g5 31. Rbxd6 Rg8 32. Qd5 Qg4 33. Rg1
Qe2 34. Rd7 1-0

[Event "Staatsliga B - Mitte 2002/03"]
[Site "?"]
[Date "2002.11.30"]
[Round "4.3"]
[White "DOHR, Alexander"]
[Black "ASCHENBRENNER, Robert"]
[Result "0-1"]
[WhiteElo "2161"]
[BlackElo "2230"]
[PlyCount "85"]
[EventDate "2002.11.30"]

1. e4 e6 2. d4 b6 3. Bd3 Bb7 4. Ne2 c5 5. c3 Nf6 6. Nd2 Be7 7. O-O Nc6 8. a3 d5
9. e5 Nd7 10. f4 g6 11. b4 c4 12. Bc2 Qc7 13. a4 O-O-O 14. Ba3 Bf8 15. Nf3 h6
16. g4 Rg8 17. Kh1 f6 18. Ng3 g5 19. b5 gxf4 20. bxc6 Qxc6 21. Nh5 fxe5 22. Nh4
Bxa3 23. Rxa3 Qd6 24. Ra2 Qe7 25. Ng2 exd4 26. cxd4 e5 27. Bf5 Kb8 28. Qd2 Rdf8
29. dxe5 f3 30. Rxf3 Nxe5 31. Rf2 Nxg4 32. Qf4+ Qc7 33. Qxc7+ Kxc7 34. Bxg4
Rxf2 35. Rxf2 Rxg4 36. Nhf4 d4 37. h3 Bxg2+ 38. Nxg2 Re4 39. Rf4 Rxf4 40. Nxf4
d3 41. Nd5+ Kd6 42. Nc3 Ke5 43. Kg2 0-1

[Event "Staatsliga B - Mitte 2002/03"]
[Site "?"]
[Date "2002.11.30"]
[Round "4.3"]
[White "DEMUTH, Markus"]
[Black "RIEDNER, Martin"]
[Result "1/2-1/2"]
[WhiteElo "2228"]
[BlackElo "2206"]
[PlyCount "59"]
[EventDate "2002.11.30"]

1. e4 e6 2. d4 d5 3. Nc3 Nf6 4. e5 Nfd7 5. f4 c5 6. Nf3 Nc6 7. Be3 a6 8. Qd2 b5
9. dxc5 Bxc5 10. Bxc5 Nxc5 11. Qf2 Qb6 12. Bd3 Nxd3+ 13. cxd3 Qxf2+ 14. Kxf2
O-O 15. Ke3 Bd7 16. Rac1 Rac8 17. Ne2 Ne7 18. Nfd4 f6 19. Rxc8 Rxc8 20. Rc1 Kf7
21. Rxc8 Bxc8 22. Nc1 Ng6 23. Nc6 Ke8 24. d4 Kd7 25. Nb4 a5 26. Nbd3 Kc6 27.
Nb3 Kb6 28. Nbc5 Ne7 29. g4 b4 30. h3 1/2-1/2

[Event "Staatsliga B - Mitte 2002/03"]
[Site "?"]
[Date "2002.11.30"]
[Round "4.4"]
[White "RUCK, Robert"]
[Black "MOHR, Georg"]
[Result "1-0"]
[WhiteElo "2572"]
[BlackElo "2488"]
[PlyCount "113"]
[EventDate "2002.11.30"]

1. Nf3 Nf6 2. c4 g6 3. d4 Bg7 4. g3 O-O 5. Bg2 d6 6. O-O c6 7. Nc3 Bf5 8. Ne1
Qc8 9. e4 Bh3 10. Nd3 Bxg2 11. Kxg2 Na6 12. f3 Nd7 13. Be3 Rb8 14. Rc1 c5 15.
dxc5 Naxc5 16. Nf4 a5 17. b3 Re8 18. Qd2 Ne5 19. Nfd5 e6 20. Nf4 Qc6 21. Nfe2
b6 22. Nd4 Qb7 23. Ndb5 Rbd8 24. Bh6 Bh8 25. Rcd1 Qc6 26. Qe2 f6 27. Be3 Nf7
28. Rd2 f5 29. exf5 gxf5 30. Rfd1 Bg7 31. Bd4 Bh6 32. Be3 Bg7 33. Qf2 Rd7 34.
Bd4 Bh6 35. Be3 Bg7 36. Bd4 Ne5 37. Qe2 Bh6 38. Be3 Bf8 39. Bf4 Nf7 40. Nd5 Bg7
41. Nd4 Bxd4 42. Rxd4 Kg7 43. Bc1 Rb7 44. Ne3 Kf8 45. Bb2 Nd7 46. Rh4 h6 47.
Nc2 Nc5 48. Qd2 Qd7 49. Rxh6 e5 50. Rh5 Qe6 51. Ne3 f4 52. Nf5 b5 53. cxb5 Rxb5
54. Nxd6 Rd8 55. Bxe5 Ne4 56. Qxf4 Rxd6 57. Rxd6 1-0

[Event "Staatsliga B - Mitte 2002/03"]
[Site "?"]
[Date "2002.11.30"]
[Round "4.4"]
[White "BUTUNOI, Alexandru"]
[Black "HORVATH, Peter"]
[Result "1-0"]
[WhiteElo "2404"]
[BlackElo "2482"]
[PlyCount "77"]
[EventDate "2002.11.30"]

1. e4 c5 2. Nf3 Nc6 3. d4 cxd4 4. Nxd4 Nf6 5. Nc3 e5 6. Ndb5 d6 7. Nd5 Nxd5 8.
exd5 Ne7 9. c4 Ng6 10. Bd3 Be7 11. O-O a6 12. Nc3 O-O 13. Be3 f5 14. f3 Bg5 15.
Bf2 Nf4 16. Ne2 Nxd3 17. Qxd3 Bd7 18. Qb3 Qe7 19. Rae1 b5 20. c5 dxc5 21. d6+
Qe6 22. Bxc5 Qxb3 23. axb3 a5 24. Nc3 Rac8 25. Bb6 Rc6 26. Bxa5 Re8 27. Bb4 Kf7
28. Re2 Bf6 29. Ra1 Ke6 30. Nxb5 Rb8 31. Nd4+ Kd5 32. Nxc6 Bxc6 33. Rd2+ Ke6
34. Bc5 e4 35. d7 Bb5 36. Rd6+ Ke5 37. f4+ Kxf4 38. Rxf6 gxf6 39. Bd6+ 1-0

[Event "Staatsliga B - Mitte 2002/03"]
[Site "?"]
[Date "2002.11.30"]
[Round "4.4"]
[White "SCHEIN, Karl-Heinz"]
[Black "HORVATH, Gyula"]
[Result "1/2-1/2"]
[WhiteElo "2232"]
[BlackElo "2443"]
[PlyCount "37"]
[EventDate "2002.11.30"]

1. d4 Nf6 2. c4 e6 3. Nf3 Bb4+ 4. Bd2 Qe7 5. g3 Nc6 6. a3 Bxd2+ 7. Qxd2 O-O 8.
Nc3 d6 9. Bg2 e5 10. dxe5 dxe5 11. O-O Rd8 12. Nd5 Nxd5 13. cxd5 Bg4 14. Rfd1
Bxf3 15. Bxf3 Nd4 16. Qd3 g6 17. Rac1 c6 18. Bg2 cxd5 19. e3 1/2-1/2

[Event "Staatsliga B - Mitte 2002/03"]
[Site "?"]
[Date "2002.11.30"]
[Round "4.4"]
[White "PESORDA, Ivan"]
[Black "BACHLER, Reinhard"]
[Result "1/2-1/2"]
[WhiteElo "2255"]
[BlackElo "2230"]
[PlyCount "106"]
[EventDate "2002.11.30"]

1. d4 Nf6 2. c4 e5 3. dxe5 Ng4 4. Bf4 Nc6 5. Nf3 Bb4+ 6. Nbd2 Qe7 7. e3 Ngxe5
8. Nxe5 Nxe5 9. Be2 g5 10. Bg3 h5 11. h4 g4 12. a3 Bxd2+ 13. Qxd2 d6 14. c5
dxc5 15. Rc1 f6 16. Qd5 c4 17. Bxc4 c6 18. Qd4 Nxc4 19. Rxc4 Be6 20. Bd6 Qf7
21. Qe4 Kd7 22. Rb4 b6 23. Bg3 Bd5 24. Rd4 Kc8 25. Qf5+ Kb7 26. O-O Be6 27. Qd3
f5 28. b4 Rac8 29. a4 c5 30. bxc5 Rxc5 31. Bd6 Rc6 32. Rb1 Bc4 33. Qd2 Rd8 34.
Rb4 Qe6 35. Bf4 Rxd4 36. Qxd4 a5 37. Rb2 Qd5 38. Qh8 Rc8 39. Rxb6+ Kxb6 40.
Qxc8 Qd1+ 41. Kh2 Qxa4 42. Bc7+ Kc5 43. Bxa5+ Qc6 44. Qxf5+ Qd5 45. Qf8+ Qd6+
46. Qxd6+ Kxd6 47. Kg3 Ke5 48. Bc3+ Ke4 49. Bd4 Be2 50. Kh2 Bd1 51. Kg1 Be2 52.
Bb6 Bd3 53. f4 gxf3 1/2-1/2

[Event "Staatsliga B - Mitte 2002/03"]
[Site "?"]
[Date "2002.11.30"]
[Round "4.4"]
[White "BENDA, Herbert"]
[Black "DEUTSCH, Ludwig"]
[Result "1-0"]
[WhiteElo "2251"]
[BlackElo "2194"]
[PlyCount "85"]
[EventDate "2002.11.30"]

1. e4 c5 2. Nf3 Nc6 3. d4 cxd4 4. Nxd4 e5 5. Nb5 a6 6. Nd6+ Bxd6 7. Qxd6 Qe7 8.
Qd1 Nf6 9. Nc3 d6 10. Bg5 Be6 11. Nd5 Bxd5 12. exd5 Nb8 13. c4 Nbd7 14. Bd3 h6
15. Be3 Rc8 16. Rc1 O-O 17. O-O Rfe8 18. Bf5 b6 19. Rc3 Rb8 20. b4 a5 21. a3
Red8 22. Qd2 Qf8 23. g4 Nh7 24. f4 exf4 25. Bxf4 Rb7 26. Rg3 g5 27. Be3 Qg7 28.
Bd4 Ne5 29. bxa5 bxa5 30. Qc3 f6 31. Qxa5 Rdb8 32. c5 dxc5 33. Qxc5 Nf8 34. d6
Ned7 35. Qd5+ Qf7 36. Qxf7+ Kxf7 37. Re3 Re8 38. Rfe1 Reb8 39. Re7+ Kg8 40. Rc1
Ne5 41. Bxe5 fxe5 42. Rxb7 Rxb7 43. Rc8 1-0

[Event "Staatsliga B - Mitte 2002/03"]
[Site "?"]
[Date "2002.11.30"]
[Round "4.4"]
[White "TEUSCHLER, Hugo"]
[Black "SANDNER, Wolfgang"]
[Result "1/2-1/2"]
[WhiteElo "2097"]
[BlackElo "2220"]
[PlyCount "83"]
[EventDate "2002.11.30"]

1. e4 c5 2. Nf3 d6 3. d4 cxd4 4. Nxd4 Nf6 5. Nc3 g6 6. Be3 Bg7 7. f3 O-O 8. Qd2
Nc6 9. O-O-O Bd7 10. Kb1 Qa5 11. Nb3 Qc7 12. g4 Be6 13. Nd4 Ne5 14. h4 Bc4 15.
Bd3 Bxd3 16. cxd3 h5 17. Bh6 Qb6 18. Nce2 hxg4 19. Bxg7 Kxg7 20. fxg4 Nexg4 21.
Rdg1 Rg8 22. h5 gxh5 23. Rxh5 Kf8 24. Rhh1 Ke8 25. Rf1 Ne5 26. Rh2 Kd7 27. Rhf2
Rg6 28. Nf5 Qb5 29. Nf4 Rg4 30. Nd4 Qa6 31. Rd1 Rag8 32. a3 Rg1 33. Nde2 Rxd1+
34. Qxd1 Rc8 35. Qb3 Qc6 36. Nc3 Nfg4 37. Rd2 Nf3 38. Rd1 Nd4 39. Qxf7 Ne5 40.
Qh5 Nb5 41. Nfd5 Nxc3+ 42. Nxc3 1/2-1/2

[Event "Staatsliga B - Mitte 2002/03"]
[Site "?"]
[Date "2002.11.30"]
[Round "4.5"]
[White "FAULAND, Alexander"]
[Black "SEIFERT, Volker"]
[Result "1/2-1/2"]
[WhiteElo "2427"]
[BlackElo "2252"]
[PlyCount "74"]
[EventDate "2002.11.30"]

1. d4 e6 2. Nf3 Nf6 3. Bf4 b6 4. e3 Bb7 5. Nbd2 Be7 6. h3 O-O 7. Bd3 c5 8. c3
cxd4 9. exd4 d6 10. O-O Nbd7 11. Bh2 Qc7 12. Qc2 h6 13. Rfe1 Rfe8 14. Ne4 Nxe4
15. Bxe4 Nf6 16. Bxb7 Qxb7 17. Nd2 Rac8 18. Qd3 Bf8 19. a4 Rc6 20. Bg3 Rec8 21.
Nf1 d5 22. Nd2 a6 23. Be5 Ne8 24. Nf3 b5 25. axb5 axb5 26. Bf4 b4 27. cxb4 Bxb4
28. Rec1 Bf8 29. Ne5 Rxc1+ 30. Rxc1 Rxc1+ 31. Bxc1 Nd6 32. Qc2 Qb4 33. Be3 Nc4
34. Nd3 Qb5 35. Bd2 Be7 36. Bc3 Bf6 37. Nc5 Nd6 1/2-1/2

[Event "Staatsliga B - Mitte 2002/03"]
[Site "?"]
[Date "2002.11.30"]
[Round "4.5"]
[White "BAUMGARTNER, Heinz"]
[Black "ROGULJ, Branko"]
[Result "1/2-1/2"]
[WhiteElo "2398"]
[BlackElo "2435"]
[PlyCount "36"]
[EventDate "2002.11.30"]

1. Nf3 Nf6 2. g3 g6 3. Bg2 Bg7 4. O-O O-O 5. d4 d5 6. c4 dxc4 7. Na3 Nc6 8.
Nxc4 Be6 9. b3 Bd5 10. Bb2 a5 11. Rc1 a4 12. bxa4 Ra6 13. a3 Qa8 14. a5 Rd8 15.
Qc2 Be4 16. Qb3 Bd5 17. Qc2 Be4 18. Qb3 Bd5 1/2-1/2

[Event "Staatsliga B - Mitte 2002/03"]
[Site "?"]
[Date "2002.11.30"]
[Round "4.5"]
[White "ROLLETSCHEK, Heinrich"]
[Black "BAWART, Markus"]
[Result "1-0"]
[WhiteElo "2261"]
[BlackElo "2337"]
[PlyCount "99"]
[EventDate "2002.11.30"]

1. e4 c5 2. Nf3 Nc6 3. d4 cxd4 4. Nxd4 Nf6 5. Nc3 e5 6. Nde2 Bc5 7. Ng3 Qb6 8.
Qd2 d6 9. Na4 Qc7 10. Nxc5 dxc5 11. Bc4 O-O 12. O-O Na5 13. Be2 Be6 14. Qc3
Rac8 15. f4 Nc6 16. Qxc5 Nd4 17. Qxc7 Rxc7 18. c3 Nxe2+ 19. Nxe2 Nxe4 20. fxe5
Rc5 21. Nd4 Bc4 22. Re1 Rxe5 23. Bf4 Ree8 24. b3 Ba6 25. c4 g5 26. Bb8 Rxb8 27.
Rxe4 Rfe8 28. Rae1 Rxe4 29. Rxe4 Rd8 30. Kf2 b6 31. Nf3 Bb7 32. Re7 Bxf3 33.
Kxf3 a5 34. Re5 h6 35. Rb5 Rd2 36. a3 a4 37. Rxb6 axb3 38. Rxb3 Rc2 39. a4 Rxc4
40. Ra3 Rc6 41. a5 Ra6 42. Ke4 Kf8 43. Kd5 Ke7 44. Kc5 Kd7 45. Kb5 Ra8 46. a6
Rb8+ 47. Kc5 Kc7 48. a7 Ra8 49. g4 Kb7 50. Kd6 1-0

[Event "Staatsliga B - Mitte 2002/03"]
[Site "?"]
[Date "2002.11.30"]
[Round "4.5"]
[White "ARWANITAKIS, Michael"]
[Black "WINIWARTER, Felix"]
[Result "1/2-1/2"]
[WhiteElo "2190"]
[BlackElo "2191"]
[PlyCount "67"]
[EventDate "2002.11.30"]

1. e4 e5 2. Nf3 Nc6 3. d4 exd4 4. Bc4 Nf6 5. O-O Nxe4 6. Re1 d5 7. Bxd5 Qxd5 8.
Nc3 Qa5 9. Nxe4 Be6 10. Neg5 O-O-O 11. Nxe6 fxe6 12. Rxe6 Bd6 13. Bg5 Rde8 14.
Rxe8+ Rxe8 15. Qd3 h6 16. Bd2 Qd5 17. c3 Re4 18. g3 g5 19. a3 g4 20. Re1 Rxe1+
21. Nxe1 h5 22. Nc2 Be7 23. cxd4 Kd8 24. Qh7 Bf6 25. Bf4 Bxd4 26. Qxc7+ Ke8 27.
Qxb7 Bb6 28. Qc8+ Kf7 29. Qb7+ Kg6 30. Ne3 Bxe3 31. Bxe3 Qd1+ 32. Kg2 Qf3+ 33.
Kf1 Qd1+ 34. Kg2 1/2-1/2

[Event "Staatsliga B - Mitte 2002/03"]
[Site "?"]
[Date "2002.11.30"]
[Round "4.6"]
[White "KONOPKA, Michal"]
[Black "ZUPE, Miran"]
[Result "1/2-1/2"]
[WhiteElo "2449"]
[BlackElo "2378"]
[PlyCount "87"]
[EventDate "2002.11.30"]

1. d4 c6 2. Nf3 d6 3. c4 f5 4. g3 Nf6 5. Bg2 g6 6. O-O Bg7 7. b3 O-O 8. Bb2 Na6
9. Nc3 Rb8 10. e3 Nc7 11. Qe2 b5 12. Rfd1 Kh8 13. Rac1 Ba6 14. cxb5 cxb5 15. b4
e6 16. d5 e5 17. e4 Bc8 18. Nd2 Bh6 19. Rc2 f4 20. f3 fxg3 21. hxg3 Nce8 22.
Nb3 Nh5 23. Qe1 Qb6+ 24. Kh1 Bd7 25. Bc1 Bxc1 26. Rdxc1 g5 27. Ne2 Qe3 28. g4
Nf4 29. Nxf4 Qxf4 30. Qd2 Kg7 31. Qxf4 Rxf4 32. Na5 h5 33. gxh5 Kh6 34. Nc6 Ra8
35. Na5 Kxh5 36. a3 Kg6 37. Kg1 g4 38. fxg4 Rxg4 39. Kf2 Nf6 40. Bf3 Rf4 41.
Ke3 Rh8 42. Rg1+ Bg4 43. Bg2 Kg5 44. Rc7 1/2-1/2